| 000 | 00000nam##2200000za#4500 |
| 001 | 9.643408 |
| 003 | CaOODSP |
| 005 | 20210624224145 |
| 007 | cr ||||||||||| |
| 008 | 150407|1991||||xxc|||||o f|0| 0 fre|d |
| 040 | |aCaOODSP|bfre |
| 043 | |an-cn--- |
| 086 | 1 |aEn108-3/1-13F-PDF |
| 110 | 1 |aCanada.|bConseil canadien des ministres de l'environnement. |
| 245 | 10|aLignes directrices nationales sur la désaffectation des sites industriels / |h[ressource électronique]|cpar Monenco Consultants Ltd., pour le Comité de direction de la désaffectation. |
| 260 | |aWinnipeg - Manitoba : |bConseil canadien des ministres de l'environnement |cMars 1991. |
| 300 | |a129p. |
| 590 | |a14-12-Supp|b2014-05-30 |
| 775 | 08|tNational guidelines for decommissioning industrial sites / |w(CaOODSP)9.699422 |
| 856 | 40|ahttp://publications.gc.ca|qPDF|s6600 Ko|uhttps://publications.gc.ca/collections/collection_2014/ccme/En108-3-1-13-fra.pdf |
| 986 | |aCCME-TS/WM-TRE013F |